| 000 | 01105nab a22002417a 4500 | ||
|---|---|---|---|
| 999 |
_c5718 _d5718 |
||
| 003 | OSt | ||
| 005 | 20251231165955.0 | ||
| 008 | 190605e xxu||||| |||| 00| 0 spa d | ||
| 040 | _cPJ | ||
| 100 |
_96643 _a Palacio, Franco M. |
||
| 245 | 1 | 0 |
_aDerecho a la libertad sindical con perspectiva de género / _cFranco M. Palacio. |
| 260 |
_aCiudad Autónoma de Buenos Aires : _bThomson Reuters La Ley, _c2023. |
||
| 300 | _ap. 175 | ||
| 500 | _aCita: TR LALEY AR/DOC/257/2023. | ||
| 505 | _aSumario: I. Introducción.— II. Encuadre histórico.— III. Libertad sindical.— IV. Enfoque de la libertad sindical desde una perspectiva de género.— V. Conclusión. | ||
| 505 | _t¿Te interesa el texto completo? Solicitalo al correo: koha@justierradelfuego.gov.ar | ||
| 650 | 0 |
_91316 _aDERECHO LABORAL |
|
| 650 | 0 |
_94583 _aDERECHOS SINDICALES |
|
| 650 | 0 |
_94044 _aPERSPECTIVA DE GÉNERO |
|
| 650 | 0 |
_91570 _aDERECHOS DEL TRABAJADOR |
|
| 773 | 0 |
_02711 _93168 _dCiudad Autónoma de Buenos Aires : Thomson Reuters La Ley, 1999-2002. _tRevista de derecho del trabajo. Nº 2 - Marzo 2023 |
|
| 942 |
_2udc _cANA |
||